| 000 | 00926nam a2200253 i 4500 | ||
|---|---|---|---|
| 001 | 89643 | ||
| 003 | ES-MaACL | ||
| 005 | 20231030160654.0 | ||
| 007 | t| | ||
| 008 | 140310s2013 au ||||1| spa d | ||
| 020 | _a978-3-902895-12-7 | ||
| 100 | 1 |
_aSolís y Valenzuela, Bruno de. _9154508 |
|
| 245 | 1 | 3 |
_aEl cisne de los desiertos _b: poema heroico / _cBruno de Solís y Valenzuela (1616-1677) ; transcripción, introducción y notas por S. Thalmann G. |
| 250 | _aEd. integral. | ||
| 260 |
_aSalzburg : _bFB Anglistik und Amerikanistik, Univ. Salzburg, Unipark, _c2013. |
||
| 300 |
_aCXVIII, 376 p. : _bil. ; _c30 cm. |
||
| 490 | 1 |
_aAnalecta Cartusiana ; _v294 |
|
| 600 | 0 | 4 |
_aBruno _cSanto. _932201 |
| 700 | 1 |
_aThalmann G., S. _9154509 |
|
| 830 | 0 |
_aAnalecta Cartusiana ; _v294 _9231903 |
|
| 852 |
_aES-MaACL _jA-13043 _992930 _bR.149968 _cDEPO1 _dOlim: N-6043 |
||
| 942 |
_2udc _cMONOGRAFIA |
||
| 999 |
_c89643 _d89643 |
||